00835nam a2200205Ia 4500003000900000008004100009020001800050040001600068080002200084111010500106245022600211260005800437300001700495490003600512650001000548650002400558650001500582650001200597700002000609IN-BaIIA211028s9999 xx 000 0 eng d a1-886733-93-7 cIIA Library a082.2:52bASP-171 aASP Conference on LiBeB, Cosmic Rays, and Related X- and Gamma - rayscParis, Franced1998 Dec. 9-11 0aLiBeB, cosmic rays, and related X- and gamma - raysbproceedings of ASP conference on LiBeB, cosmic rays, and related X- and gamma - rays, held in Paris, France, 9-11 Dec 1998cedited by R. Ramaty  aCaliforniabAstronomical Society of the Pacificc1999 axxiii, 279p. aASP conference series; vol. 171 aboron acosmic rays, x rays agamma rays alithium aRamaty, R., ed.